Регионална библиотека "Любен Каравелов" - Русе

Рибарят и Златната рибка и други приказки (Запис номер 176630)

MARC детайли
000 -Лидер
Контролно поле с фиксирана дължина 01860nam a2200409 c 4500
003 - Код на организацията, давaща контролен номер
Контролно поле BLK
005 - Дата и час на последна редакция
Контролно поле 20240329122009.0
008 - Елементи от данни с фиксирана дължина
fixed length control field 180411b bul|||||r ||||||| ||bul||
010 ## - Наследен системен номер
LC control number KNG00185256000
020 ## - Международен стандартен номер на книга ISBN
Международен стандартен номер на книга ISBN 978-954-657-969-0
-- издат.: ПАН
040 ## - Източник на каталожния запис
Идентификатор на билиотеката - собственик на записа BLK
041 ## - Код за език
Код за езика на текст/звукозапис или на отделно заглавие Български
Код за езика КДБФ Български
072 #7 - Код за тематичната категория
Код организация bullib
Код за тематична категория Н85
Текст Детска художествена литература Н
080 ## - УДК
Текстов определител УДК Литература на отделни езици и езикови семейства
УДК код - определител по УДК 821
УДК определител -93-91
УДК - код + определител 821-93-91
139 ## - Редно поле
Редна дума Рибарят и Златната рибка и други приказки
Авторски знак Ри - Р 58
245 10 - Сведения за заглавието
Заглавие Рибарят и Златната рибка и други приказки
Редно поле (дума) ил. Теодор Манолов; ил. Катя Фичерова; ил. Светослава Ангелова Божичкова.
257 ## - Страна на издаване
Страна на създаване/издаване Сборници - Свят
260 ## - Област на издателските данни
-- София
Име на издателя, разпространителя и проч. ПАН
Година на издаване 2010
Печатница София : Циан
300 ## - Физическа характеристика
Страници 16 с.
Илюстрации и др. с цв. ил.
Размери/Мащаб 24 см
380 ## - Жанр
Жанр Детска худож. лит.
490 1# - СЕРИИ (Колекции)
Име на серия Мога сам да чета
500 ## - Общи забележки
Забележка Кор. опис. - Без сведение за ориг. загл. - Съдържа и Тримата лeнивци ; Сложи-масичка.
653 ## - Ключова дума – ненормативна
Ключова дума приказки
653 ## - Ключова дума – ненормативна
Ключова дума литература за деца
653 ## - Ключова дума – ненормативна
Ключова дума детска литература
653 ## - Ключова дума – ненормативна
Ключова дума адаптирани книги
659 ## - Тематичен бюлетин
Тематичен бюлетин Н
700 ## - Други автори (авторска отговорност)
Лично име Манолов, Теодор Любомиров
9 (RLIN) 322115
700 1# - Други автори (авторска отговорност)
Лично име Фичерова, Катя
Автороска отговорност (Описва отношението между автора и произведението) ил.
9 (RLIN) 134301
700 1# - Други автори (авторска отговорност)
Лично име Божичкова, Светослава Ангелова
Автороска отговорност (Описва отношението между автора и произведението) ил.
9 (RLIN) 40644
852 ## - Местоположение
Форматна сигнатура Цб 278414
856 4# - Електронен адрес и достъп
Електронен формат pdf - файл
Път до файла /url/
856 4# - Електронен адрес и достъп
Електронен формат pdf - файл
Път до файла /url/
942 ## - АРТИКУЛИ
Вид на библиотечния материал Книги
Скрит в OPAC Не
Koha issues (borrowed), all copies 12
944 ## - СЪЗДАВАНЕ И РЕДАКЦИЯ на ЗАПИСА
Създаване/Редакция Създаване
Дата на регистрацията/редакция 04.12.2015
Статус, дата на статуса Галина Якимова
Служител, извършил регистрацията/редакцията 30564
944 ## - СЪЗДАВАНЕ И РЕДАКЦИЯ на ЗАПИСА
Създаване/Редакция Редакция
Дата на регистрацията/редакция 08.02.2018
Статус, дата на статуса ф /
Служител, извършил регистрацията/редакцията Людмила_Стоянова
999 ## - СИСТЕМНИ КОНТРОЛНИ НОМЕРА
Koha biblionumber 176630
Koha biblioitemnumber 176630
Наличности
Код за отписване Код за изгубен артикул Код за повреда Коз за рестрикции Код за отдаване Артикулен № Име на библиотеката - собственик Име на библиотеката, в която се намира в момента Статус (Текущо местоположение) Дата на вписване в системата Местоположение - отдел Цена в лева Инвентарен номер Систематично азбучна сигнатура Баркод Номер на екземпляра Цена в евро Служебна бележка Служебен тип на артикула
  Не е изгубен Не е повреден без рестрикции ползва се в читалня 303854 Регионална библиотека "Любен Каравелов" Русе Регионална библиотека "Любен Каравелов" Русе Хранилище 2015-12-07 Хранилище 1.50 120000795347 Цб 278414 120000795347 1 0.77 Дост: Dp Вид: Д N: 45 Дата: 19.10.2015 Книги
  Не е изгубен Не е повреден без рестрикции заемане за дома 303855 Регионална библиотека "Любен Каравелов" Русе Регионална библиотека "Любен Каравелов" Русе Детски отдел 2017-12-09 Детски отдел 1.50 120000817758 ДХ 820/899/Р 58 120000817758 2 0.77 Дост: DA Вид: А N: 43 Дата: 09.12.2017 Книги
Vip Innovations Ltd, Rousse, Bulgaria 2025